| 000 | 01154nam a22003377a 4500 | ||
|---|---|---|---|
| 003 | CHAP | ||
| 005 | 20220329134338.0 | ||
| 008 | 971013s1984 r 00010 d | ||
| 010 | _a19080 | ||
| 011 | _a20052 | ||
| 035 | _a24140 | ||
| 040 | _cCHAP | ||
| 082 |
_a636.082 _bA5Y |
||
| 100 | 0 | 0 |
_aAllen, David. _94381 |
| 245 | _aProducción planificada de vacuno de carne | ||
| 260 |
_aZaragoza : _bAcribia, _c1984 |
||
| 300 |
_a240 p. _b: ilus. ; gráfs |
||
| 590 |
_aBATCH-UPD _b10 _c20130110 _lUCH01 _h1605 |
||
| 590 |
_aBATCH-UPD _b10 _c20130410 _lUCH01 _h1002 |
||
| 590 |
_aBATCH-UPD _b10 _c20130914 _lUCH01 _h0846 |
||
| 590 |
_aCONVERSION _b10 _c20130109 _lUCH01 _h1312 |
||
| 650 | 1 | 4 |
_aCarne _xProducción. _919109 |
| 650 | 1 | 4 |
_aGanado de carne. _945067 |
| 650 | 1 | 4 |
_aGanado vacuno _xProducción. _945506 |
| 700 | 0 |
_aKilkenny, Brian. _963211 |
|
| 901 | _aBK | ||
| 942 | _cLIBRO | ||
| 949 |
_a636.082 A5Y _bBC _cLIBRO _d33724000223988 _eLIBRO _gI.126123 _h65466 _i24140 _si |
||
| 949 |
_a636.082 A5Y _bBC _cLIBRO _d33724000269981 _eLIBRO _fc.2 _gI.132413 _h68565 _i24140 _si |
||
| 949 |
_a636.082 A5Y _bBC _cLIBRO _d33724000656716 _eLIBRO _fc.3 _gI.132414 _h68566 _i24140 _si |
||
| 999 |
_c19080 _d19080 |
||